Statistics for 1970s Albums (Hard)

Click here to take the quiz!

General Stats

  • This quiz has been taken 124 times
    (67 since last reset)
  • The average score is 13 of 20

Answer Stats

Answer% Correct
Breakfast in America - Supertramp
92%
Blue - Joni Mitchell
86%
Never Mind the Bollocks, Here's the Sex Pistols - Sex Pistols
81%
Honky Chateau - Elton John
80%
L.A. Woman - The Doors
73%
Tapestry - Carole King
73%
Horses - Patti Smith
70%
Agents of Fortune - Blue Oyster Cult
69%
All Things Must Pass - George Harrison
69%
Layla and Other Assorted Songs - Derek & the Dominos
66%
Machine Head - Deep Purple
64%
Stranger in Town - Bob Seger
64%
The Cars - The Cars
64%
Band on the Run - Wings
63%
Fragile - Yes
58%
Leftoverture - Kansas
53%
More Songs About Buildings and Food - Talking Heads
50%
Slowhand - Eric Clapton
44%
Jackson Browne [Saturate Before Using] - Jackson Browne
42%
Book of Dreams - Steve Miller Band
38%

Score Distribution

Percentile by Number Answered

Percent of People with Each Score

Your Score History

You have not taken this quiz since the last reset